Recent developments in institutional economics

Saved in:
Bibliographic Details
Other Authors: Hodgson, Geoffrey Martin 1946- (Editor)
Format: Book
Language:English
Published: Cheltenham : Elgar Reference Collection, c2003
Series:Critical studies in economic institutions ; ; 5
Subjects:
Tags: Add Tag
No Tags, Be the first to tag this record!

MARC

LEADER 00000nam a2200000 i 4500
001 1/37734
008 061118s2003 eng d
020 |a 1840648856 
035 |l 10086165 
040 |a GR-MY-UA  |b gre  |e aacr 
041 0 |a eng 
082 0 |a 330.1  |2 (22) 
245 1 0 |a Recent developments in institutional economics /  |c edited by Geoffrey M. Hodgson 
260 |a Cheltenham :   |b Elgar Reference Collection,   |c c2003 
300 |a xxix,606 σ.;  |c 25 εκ. 
490 1 |a Critical studies in economic institutions  |v ; 5 
504 |a Περιλαμβάνει βιβλιογραφικές παραπομπές και ευρετήριο 
650 0 0 |a Institutional economics. 
700 1 |a Hodgson, Geoffrey Martin  |d 1946-  |4 edt 
830 0 |a Critical studies in economic institutions ;  |v ; 5 
852 |a INST  |b CHIOS  |e 20061118  |h 330.1 REC  |p 005200026714  |q 005200026714  |t BK  |y 0 
901 |a BIBL2-2006-3 
909 |a Χ  |b 120637 
920 |a ΔΙΕΥΡΥΝΣΗ  |b ΕΠΕΑΕΚ-ΤΜΟΔ  |y ΧΙΟΣ  |z 2004-12 
970 |a ΒΑΣΙΛΑΚΗ  |b ΝΙΚΗ  |z 2006/11/18